Miasta nad Odrą czy Wartą? - klikanie - Statystyki

Ogólne statystyki
  • Ten quiz został rozwiązany 43 razy
  • Średni wynik to 14 z 16
Statystyki odpowiedzi
Hint Odpowiedź % Poprawnych
Opole Odra
94%
Wrocław Odra
90%
Głogów Odra
90%
Brzeg Dolny Odra
90%
Międzychód Warta
90%
Brzeg Odra
87%
Sieradz Warta
87%
Śrem Warta
87%
Konin Warta
87%
Nowa Sól Odra
84%
Krapkowice Odra
84%
Częstochowa Warta
84%
Wronki Warta
84%
Zielona Góra Odra
77%
Myszków Warta
77%
Luboń Warta
71%
Nie znaleziono quizów pasujących do podanych kryteriów
Rozkład punktacji
Procent ludzi z każdym wynikiem
Percentyl według liczby udzielonych odpowiedzi
Twoja historia wyników
Nie rozwiązałeś tego quizu